000 00756nam a2200277Ia 4500
005 20250425162455.0
008 250425s9999 xx 000 0 und d
020 _a8420010421
041 _aspa
082 _a664.028
100 _aRICHARDSON, PHILIP
245 0 _aTECNOLOGIAS TERMICAS PARA EL PROCESADO DE LOS ALIMENTOS
250 _a1A ED.
260 _aEspaña
_bACRIBIA
_c2004
260 _aZARAGOZA
300 _a311
500 _aConsultar inv. 39678 en BIBTEC
500 _aTítulo Traducido: THERMAL TECHNOLOGIES IN FOOD PROCESSING
650 _aCALENTAMIENTO
650 _aELABORACION DE ALIMENTOS
650 _aPROCESOS TERMICOS
650 _aTEMPERATURA
650 _aTRATAMIENTO TERMICO
942 _c01
010 _a76536
999 _c229982
_d229982